Control, Controlling and Management Accounting and Control in a Selected Company diplomová práca

Gespeichert in:
Bibliographische Detailangaben
1. Verfasser: Polgárová, Veronika
Körperschaft: Fakulta podnikového manažmentu EU. Katedra manažmentu
Weitere Verfasser: Mišún, Juraj, 1978-
Format: Buch
Sprache:Englisch
Veröffentlicht: Bratislava 2021
Tags: Tag hinzufügen
Keine Tags, Fügen Sie das erste Tag hinzu!

MARC

LEADER 00000nbm a2200000 4500
001 0278196
005 20211125105226.0
041 0 |a eng 
044 |a SK 
245 1 0 |a Control, Controlling and Management Accounting and Control in a Selected Company  |b diplomová práca  |c Veronika Polgárová ; školiteľ: Juraj Mišún 
264 1 |a Bratislava  |c 2021 
300 |a 92 s. 
100 1 |a Polgárová, Veronika 
700 1 |a Mišún, Juraj, 1978- 
710 2 |a Fakulta podnikového manažmentu EU. Katedra manažmentu